000 00916nam a22002657a 4500
001 9095
003 FISKH
005 20251119144611.0
008 251119b cb ||||| |||| 00| 0 eng d
020 _a9781407157306
040 _aFISKH
_beng
_cFISKH
_dFISKH
050 _aPS3569.T4837 I83
082 _a813.54
100 _aStine, R. L.
_eAuthor
245 _aIt came from Ohio! :
_bMy life as a writer /
_cR. L. Stine
260 _aLondon :
_bScholastic ,
_c1997
300 _a152 pages :
_billustrations ;
_c20 cm
490 _aGoosebumps
505 _aP
520 _aA portrait of the author of the Goosebumps series, shares insight into his childhood, education, and literary inspirations, with answers to frequently asked questions about his life, books, and writing style.
521 8 _a700
_bLexile estimate
521 8 _aP
_bRaz-Plus
650 _aGoosebumps
_vHalloween
942 _2ddc
_cBK
_n0
999 _c9095
_d9095